Introduction to medicinal chemistry : (Record no. 36623)
[ view plain ]
| 000 -LEADER | |
|---|---|
| fixed length control field | 00939nam a2200289 a 4500 |
| 001 - CONTROL NUMBER | |
| control field | 36623 |
| 003 - CONTROL NUMBER IDENTIFIER | |
| rucl marc code | BD-RjUL |
| 005 - DATE AND TIME OF LATEST TRANSACTION | |
| control field | 20211209052518.0 |
| 008 - FIXED-LENGTH DATA ELEMENTS--GENERAL INFORMATION | |
| fixed length control field | 140804r20111997ii a b 001 0 eng c |
| 020 ## - INTERNATIONAL STANDARD BOOK NUMBER | |
| International Standard Book Number | 0895733250 (acidfree paper) |
| 035 ## - SYSTEM CONTROL NUMBER | |
| System control number | (BD-RjUL)36724 |
| 040 ## - CATALOGING SOURCE | |
| Original cataloging agency | DNLM/DLC |
| Transcribing agency | DLC |
| Modifying agency | DLC |
| -- | BD-RjUL |
| Language of cataloging | eng |
| 041 ## - LANGUAGE CODE | |
| Language code of text/sound track or separate title | eng |
| 060 10 - NATIONAL LIBRARY OF MEDICINE CALL NUMBER | |
| Classification number | QV 744 G867i 1996 |
| 082 00 - DEWEY DECIMAL CLASSIFICATION NUMBER | |
| Classification number | 615.7 |
| Edition number | 20 |
| Author mark and year | GRI 2011 |
| 100 1# - MAIN ENTRY--PERSONAL NAME | |
| Personal name | Gringauz, Alex. |
| Dates associated with a name | 1934- |
| 9 (RLIN) | 111645 |
| 245 10 - TITLE STATEMENT | |
| Title | Introduction to medicinal chemistry : |
| Remainder of title | how drugs act and why / |
| Statement of responsibility, etc. | Alex Gringauz |
| 260 ## - PUBLICATION, DISTRIBUTION, ETC. (IMPRINT) | |
| Place of publication, distribution, etc. | New Delhi : |
| Name of publisher, distributor, etc. | Wiley India Pvt. Ltd.; |
| Date of publication, distribution, etc. | c1997 [Reprint 2011] |
| 300 ## - PHYSICAL DESCRIPTION | |
| Pagination | xiii, 721 p. : |
| Illustrations | ill. ; |
| Size | 26 cm. |
| 504 ## - BIBLIOGRAPHY, ETC. NOTE | |
| Bibliography, etc | Includes bibliographical references and index. |
| 650 #0 - SUBJECT ADDED ENTRY--TOPICAL TERM | |
| Topical term or geographic name as entry element | Pharmaceutical chemistry. |
| 9 (RLIN) | 111646 |
| Topical term or geographic name as entry element | Chemistry, Pharmaceutical. |
| 9 (RLIN) | 111647 |
| Topical term or geographic name as entry element | Pharmacology. |
| 9 (RLIN) | 111648 |
| 942 ## - ADDED ENTRY ELEMENTS (KOHA) | |
| Source of classification or shelving scheme | Dewey Decimal Classification |
| Koha item type | Books |
| Lost status | Source of classification or shelving scheme | Damaged status | Not for loan | Permanent Location | Current Location | Date acquired | Source of acquisition | Cost, normal purchase price | Total Checkouts | Full call number | Date last seen | Copy number | Koha item type |
|---|---|---|---|---|---|---|---|---|---|---|---|---|---|
| Dewey Decimal Classification | Not For Loan | Institute of Biological Sciences (IBSc) Library | Institute of Biological Sciences (IBSc) Library | 10/06/2012 | Karim International | 2450.00 | 615.7 GRI 2011 | 04/08/2014 | C-1 | Books |